<?xml version="1.0" encoding="UTF-8"?>
<record
    xmlns:xsi="http://www.w3.org/2001/XMLSchema-instance"
    xsi:schemaLocation="http://www.loc.gov/MARC21/slim http://www.loc.gov/standards/marcxml/schema/MARC21slim.xsd"
    xmlns="http://www.loc.gov/MARC21/slim">

  <leader>02096nam0a2200397   4500</leader>
  <controlfield tag="001">RU\NLR\bibl\178130</controlfield>
  <controlfield tag="005">20250618062208.0</controlfield>
  <datafield tag="010" ind1=" " ind2=" ">
    <subfield code="a">5-221-00171-3</subfield>
    <subfield code="9">1500</subfield>
  </datafield>
  <datafield tag="021" ind1=" " ind2=" ">
    <subfield code="a">RU</subfield>
    <subfield code="b">2001-23466</subfield>
    <subfield code="9">1113</subfield>
  </datafield>
  <datafield tag="035" ind1=" " ind2=" ">
    <subfield code="a">(NLR Aleph) 000174818</subfield>
  </datafield>
  <datafield tag="090" ind1=" " ind2=" ">
    <subfield code="a">1008217</subfield>
    <subfield code="c">1008217</subfield>
  </datafield>
  <datafield tag="100" ind1=" " ind2=" ">
    <subfield code="a">20010803d2000    |||y0rusy50      ca</subfield>
  </datafield>
  <datafield tag="101" ind1="0" ind2=" ">
    <subfield code="a">rus</subfield>
  </datafield>
  <datafield tag="102" ind1=" " ind2=" ">
    <subfield code="a">RU</subfield>
  </datafield>
  <datafield tag="105" ind1=" " ind2=" ">
    <subfield code="a">y   |||||||||</subfield>
  </datafield>
  <datafield tag="200" ind1="1" ind2=" ">
    <subfield code="a">&#x41E;&#x441;&#x43D;&#x43E;&#x432;&#x44B; &#x430;&#x43D;&#x442;&#x438;&#x43D;&#x430;&#x440;&#x43A;&#x43E;&#x442;&#x438;&#x447;&#x435;&#x441;&#x43A;&#x43E;&#x433;&#x43E; &#x432;&#x43E;&#x441;&#x43F;&#x438;&#x442;&#x430;&#x43D;&#x438;&#x44F;</subfield>
    <subfield code="e">(&#x421;&#x43F;&#x435;&#x446;&#x43A;&#x443;&#x440;&#x441; &#x434;&#x43B;&#x44F; &#x441;&#x442;&#x443;&#x434;&#x435;&#x43D;&#x442;&#x43E;&#x432; &#x43F;&#x435;&#x434;&#x432;&#x443;&#x437;&#x43E;&#x432;)</subfield>
    <subfield code="f">&#x413;&#x440;&#x438;&#x43D;&#x447;&#x435;&#x43D;&#x43A;&#x43E; &#x41D;. &#x410;.</subfield>
    <subfield code="g">&#x414;&#x435;&#x43F;. &#x43E;&#x431;&#x440;&#x430;&#x437;&#x43E;&#x432;&#x430;&#x43D;&#x438;&#x44F; &#x438; &#x43D;&#x430;&#x443;&#x43A;&#x438; &#x410;&#x434;&#x43C;&#x438;&#x43D;&#x438;&#x441;&#x442;&#x440;&#x430;&#x446;&#x438;&#x438; &#x41B;&#x438;&#x43F;&#x435;&#x446;. &#x43E;&#x431;&#x43B;.</subfield>
  </datafield>
  <datafield tag="205" ind1=" " ind2=" ">
    <subfield code="a">2-&#x435; &#x438;&#x437;&#x434;., &#x438;&#x441;&#x43F;&#x440;. &#x438; &#x434;&#x43E;&#x43F;.</subfield>
  </datafield>
  <datafield tag="210" ind1=" " ind2=" ">
    <subfield code="a">&#x41B;&#x438;&#x43F;&#x435;&#x446;&#x43A;</subfield>
    <subfield code="c">&#x41B;&#x438;&#x43F;&#x435;&#x446;. &#x438;&#x437;&#x434;-&#x432;&#x43E;</subfield>
    <subfield code="d">2000</subfield>
  </datafield>
  <datafield tag="215" ind1=" " ind2=" ">
    <subfield code="a">223 &#x441;.</subfield>
    <subfield code="d">21</subfield>
  </datafield>
  <datafield tag="320" ind1=" " ind2=" ">
    <subfield code="a">&#x411;&#x438;&#x431;&#x43B;&#x438;&#x43E;&#x433;&#x440;. &#x432; &#x43A;&#x43E;&#x43D;&#x446;&#x435; &#x442;&#x435;&#x43C;</subfield>
  </datafield>
  <datafield tag="606" ind1="0" ind2=" ">
    <subfield code="a">&#x41D;&#x430;&#x440;&#x43A;&#x43E;&#x43C;&#x430;&#x43D;&#x438;&#x44F; &#x443; &#x43F;&#x43E;&#x434;&#x440;&#x43E;&#x441;&#x442;&#x43A;&#x43E;&#x432;</subfield>
    <subfield code="j">&#x420;&#x443;&#x43A;&#x43E;&#x432;&#x43E;&#x434;&#x441;&#x442;&#x432;&#x430;, &#x43F;&#x43E;&#x441;&#x43E;&#x431;&#x438;&#x44F; &#x438; &#x442;.&#x43F;.</subfield>
    <subfield code="x">&#x41F;&#x440;&#x43E;&#x444;&#x438;&#x43B;&#x430;&#x43A;&#x442;&#x438;&#x43A;&#x430;</subfield>
    <subfield code="x">&#x421;&#x430;&#x43D;&#x438;&#x442;&#x430;&#x440;&#x43D;&#x43E;-&#x43F;&#x440;&#x43E;&#x441;&#x432;&#x435;&#x442;&#x438;&#x442;&#x435;&#x43B;&#x44C;&#x43D;&#x430;&#x44F; &#x440;&#x430;&#x431;&#x43E;&#x442;&#x430;</subfield>
    <subfield code="9">2218490</subfield>
    <subfield code="3">RU\NLR\auth\661332271</subfield>
  </datafield>
  <datafield tag="606" ind1="0" ind2=" ">
    <subfield code="a">&#x41D;&#x430;&#x440;&#x43A;&#x43E;&#x43C;&#x430;&#x43D;&#x438;&#x44F; &#x43F;&#x43E;&#x434;&#x440;&#x43E;&#x441;&#x442;&#x43A;&#x43E;&#x432;</subfield>
    <subfield code="j">&#x423;&#x447;&#x435;&#x431;&#x43D;&#x44B;&#x435; &#x438;&#x437;&#x434;&#x430;&#x43D;&#x438;&#x44F; &#x434;&#x43B;&#x44F; &#x432;&#x44B;&#x441;&#x448;&#x435;&#x439; &#x448;&#x43A;&#x43E;&#x43B;&#x44B;</subfield>
    <subfield code="x">&#x41F;&#x440;&#x43E;&#x444;&#x438;&#x43B;&#x430;&#x43A;&#x442;&#x438;&#x43A;&#x430;</subfield>
    <subfield code="x">&#x421;&#x430;&#x43D;&#x438;&#x442;&#x430;&#x440;&#x43D;&#x43E;-&#x43F;&#x440;&#x43E;&#x441;&#x432;&#x435;&#x442;&#x438;&#x442;&#x435;&#x43B;&#x44C;&#x43D;&#x430;&#x44F; &#x440;&#x430;&#x431;&#x43E;&#x442;&#x430;</subfield>
    <subfield code="9">2218486</subfield>
    <subfield code="3">RU\NLR\auth\661332268</subfield>
  </datafield>
  <datafield tag="606" ind1="0" ind2=" ">
    <subfield code="a">&#x41D;&#x430;&#x440;&#x43A;&#x43E;&#x43C;&#x430;&#x43D;&#x438;&#x44F; &#x443; &#x43F;&#x43E;&#x434;&#x440;&#x43E;&#x441;&#x442;&#x43A;&#x43E;&#x432;</subfield>
    <subfield code="x">&#x41F;&#x440;&#x43E;&#x444;&#x438;&#x43B;&#x430;&#x43A;&#x442;&#x438;&#x43A;&#x430;</subfield>
    <subfield code="9">1735775</subfield>
    <subfield code="3">RU\NLR\auth\66776237</subfield>
  </datafield>
  <datafield tag="606" ind1="0" ind2=" ">
    <subfield code="a">&#x41D;&#x430;&#x440;&#x43A;&#x43E;&#x43C;&#x430;&#x43D;&#x438;&#x44F; &#x43F;&#x43E;&#x434;&#x440;&#x43E;&#x441;&#x442;&#x43A;&#x43E;&#x432;</subfield>
    <subfield code="x">&#x41F;&#x440;&#x43E;&#x444;&#x438;&#x43B;&#x430;&#x43A;&#x442;&#x438;&#x43A;&#x430;</subfield>
    <subfield code="9">2115350</subfield>
    <subfield code="3">RU\NLR\auth\661277979</subfield>
  </datafield>
  <datafield tag="610" ind1="0" ind2=" ">
    <subfield code="a">&#x41D;&#x430;&#x440;&#x43A;&#x43E;&#x43C;&#x430;&#x43D;&#x438;&#x438; &#x432; &#x43C;&#x43E;&#x43B;&#x43E;&#x434;&#x43E;&#x43C; &#x432;&#x43E;&#x437;&#x440;&#x430;&#x441;&#x442;&#x435; - &#x41F;&#x440;&#x43E;&#x444;&#x438;&#x43B;&#x430;&#x43A;&#x442;&#x438;&#x43A;&#x430; &#x438; &#x431;&#x43E;&#x440;&#x44C;&#x431;&#x430; - &#x421;&#x430;&#x43D;&#x438;&#x442;&#x430;&#x440;&#x43D;&#x43E;-&#x43F;&#x440;&#x43E;&#x441;&#x432;&#x435;&#x442;&#x438;&#x442;&#x435;&#x43B;&#x44C;&#x43D;&#x430;&#x44F; &#x440;&#x430;&#x431;&#x43E;&#x442;&#x430;</subfield>
  </datafield>
  <datafield tag="675" ind1=" " ind2=" ">
    <subfield code="a">37.015</subfield>
    <subfield code="v">3</subfield>
    <subfield code="z">rus</subfield>
  </datafield>
  <datafield tag="686" ind1=" " ind2=" ">
    <subfield code="a">14</subfield>
    <subfield code="2">rugasnti</subfield>
  </datafield>
  <datafield tag="686" ind1=" " ind2=" ">
    <subfield code="a">74.200.5</subfield>
    <subfield code="2">rubbk</subfield>
  </datafield>
  <datafield tag="686" ind1=" " ind2=" ">
    <subfield code="a">&#x420;11(2)556.8&#x44F;73</subfield>
  </datafield>
  <datafield tag="686" ind1=" " ind2=" ">
    <subfield code="a">&#x427;421.354</subfield>
  </datafield>
  <datafield tag="700" ind1=" " ind2="1">
    <subfield code="a">&#x413;&#x440;&#x438;&#x43D;&#x447;&#x435;&#x43D;&#x43A;&#x43E;</subfield>
    <subfield code="g">&#x41D;&#x430;&#x442;&#x430;&#x43B;&#x44C;&#x44F; &#x410;&#x43B;&#x435;&#x43A;&#x441;&#x430;&#x43D;&#x434;&#x440;&#x43E;&#x432;&#x43D;&#x430;</subfield>
    <subfield code="4">070</subfield>
  </datafield>
  <datafield tag="801" ind1=" " ind2="0">
    <subfield code="a">RU</subfield>
    <subfield code="b">RKP</subfield>
    <subfield code="c">20010803</subfield>
    <subfield code="g">PSBO</subfield>
  </datafield>
  <datafield tag="801" ind1=" " ind2="1">
    <subfield code="a">RU</subfield>
    <subfield code="b">RKP</subfield>
    <subfield code="c">20010803</subfield>
  </datafield>
  <datafield tag="801" ind1=" " ind2="2">
    <subfield code="a">RU</subfield>
    <subfield code="b">NLR</subfield>
    <subfield code="c">20011005</subfield>
    <subfield code="g">rcr</subfield>
  </datafield>
  <datafield tag="942" ind1=" " ind2=" ">
    <subfield code="c">BOOK</subfield>
  </datafield>
  <datafield tag="980" ind1=" " ind2=" ">
    <subfield code="a">NB</subfield>
  </datafield>
  <datafield tag="995" ind1=" " ind2=" ">
    <subfield code="5">2002-08-20</subfield>
    <subfield code="a">az</subfield>
    <subfield code="b">NLR01</subfield>
    <subfield code="c">NLR01</subfield>
    <subfield code="e">RF8</subfield>
    <subfield code="f">316505</subfield>
    <subfield code="k">2001-3/10664</subfield>
    <subfield code="o">0</subfield>
    <subfield code="r">BOOK</subfield>
    <subfield code="s">2001310664_</subfield>
  </datafield>
  <datafield tag="995" ind1=" " ind2=" ">
    <subfield code="5">2001-08-21</subfield>
    <subfield code="a">ad</subfield>
    <subfield code="b">NLR01</subfield>
    <subfield code="c">NLR01</subfield>
    <subfield code="e">RF8</subfield>
    <subfield code="f">151425</subfield>
    <subfield code="k">2001-3/10664</subfield>
    <subfield code="o">0</subfield>
    <subfield code="r">BOOK</subfield>
    <subfield code="s">2001310664_</subfield>
  </datafield>
</record>
